u-Deklination (4. Deklination) - Statistiken

Allgemein
  • Dieses Quiz wurde 21 mal gespielt
  • Das Durchschnittsergebnis liegt bei 9 aus 10
Antwortstatistiken
Hint Antwort % Korrekt
Abl. Sg. exercitū
100%
Dat. Sg. exercituī
100%
Akk. Sg. exercitum
100%
Nom. (Vok.) Sg. exercitus
100%
Gen. Sg. exercitūs
100%
Nom. (Vok.) Pl. exercitūs
100%
Akk. Pl. exercitūs
92%
Dat. Pl. exercitibus
83%
Abl. Pl. exercitibus
83%
Gen. Pl. exercituum
75%
Keine übereinstimmenden Quizze gefunden
Verteilung der Resultate
Anzahl Personen mit jedem Resultat
Perzentil nach korrekt beantworteten Fragen
Ihre Resultats-Entwicklung
Sie haben dieses Quiz noch nicht gespielt